Rápido e fácil - Países - Statistics

Estatísticas Gerais
  • Esse quiz foi jogado 357 vezes
  • A pontuação média é 9 de 10
Estatísticas das Respostas
Questão Resposta % Correto
Qual o certo? Argentina
100%
Qual o certo? Brasil
100%
Qual o certo? El Salvador
100%
Qual o certo? Estados Unidos
100%
Qual o certo? Índia
100%
Qual o certo? Canadá
97%
Qual o certo? Chile
97%
Qual o certo? Uruguai
93%
Qual o certo? França
90%
Qual o certo? Mechico
0%
Nenhum quiz correspondente encontrado
Distribuição das Pontuações
Porcentagem de Pessoas com Cada Pontuação
Percentil de Números Respondidos
Sua Pontuação Histórica
Você não jogou esse quiz